| 000 | 00832nam a2200241Ia 4500 | ||
|---|---|---|---|
| 008 | 130821s2008 pe gr spa | ||
| 020 | _a997242426513 | ||
| 040 |
_aCo-BoUCM _bspa |
||
| 041 | 0 | 0 | _aspa |
| 100 | 1 |
_aSalmón, Elizabeth _9164029 |
|
| 245 | 1 | 0 |
_aIntroducción al derecho internacional humanitario _cElizabeth Salmón |
| 250 | _a2a. ed. | ||
| 260 |
_aLima (Perú) _bFondo Editorial de la Universidad Católica del Perú _c2008 |
||
| 300 | _a176 páginas | ||
| 504 | _aIncluye bibliografía. | ||
| 650 | 0 | 4 |
_aDerecho internacional humanitario _97496 |
| 650 | 0 | 4 |
_aDerecho internacional _912776 |
| 650 | 0 | 4 |
_aDerechos civiles _912857 |
| 650 | 0 | 4 |
_aDerechos humanos _97499 |
| 650 | 0 | 4 |
_aGuerra (Derecho internacional) _916574 |
| 942 |
_cLIBRO _a8 _e2 _mS172i _2DEWEY _h341.481 |
||
| 999 |
_c55278 _d55278 |
||